000 00547nam a2200205Ia 4500
003 GCL
008 140319s9999 xx 000 0 eng d
040 _aGCL /
_cGCL
082 0 4 _a915.2
_bS N
100 1 _aSUTHERLAND, MARY
245 1 0 _aNATIONAL PARKS OF JAPAN /
_cSUTHERLAND, MARY
700 1 _aBIRTTON, DOROTHY
260 _a[S.N] :
_bKODANSHA INTERNATIONAL ،
_c1983
300 _a148 P
650 0 4 _aJAPAN
650 0 4 _aGARDENS - JAPAN
650 0 4 _aJAPAN - DESCRIPTION AND TRAVELS
650 0 4 _aJAPAN - GEOGRAPHY
942 _2ddc
_cBK
999 _c19218
_d19218